000
00331 a2200157 4500
001
62016
020
_a
9788581810799
040
_c
Anchieta - Pituba
100
_a
Rosaly Braga Chianca
240
1
0
_a
Geografia 9
_l
por
245
1
0
_a
Geografia 9
300
_a
320
362
0
_a
2012
650
4
_a
Geografia e viagens
942
_c
BK
999
_c
62016
_d
62016